Ordinis iuridici decanus Goergius Christianus Gebaverus D. et Georgiae Augustae H. T. prorector solemnia inauguralia viri nobilissimi Io. Gustavi Silberrad, norimbergensis M DCC XXXVIII die XVII septembris Natali Universitatis secundo celebratum iri indicat

Detalles Bibliográficos
Autor principal: Silberrad, Johann Gustav
Formato: Libro
Lenguaje:Latin
Publicado: Gottingae : apud Abram. Vandenhoeck, Acad. typogr., 1738.
Materias:
Colección:Banco de datos
Acervo:Fondo Bibliográfico Antiguo Víctor Manuel Castillo de la Universidad de Ciencias y Artes de Chiapas
Descripción Física:14 p. ; 4°
Tema general:Derecho civil
Notas:Portada tipográfica con viñeta en grabado xilográfico. Texto a renglón seguido con notas a pie de página. Incluye capitular en grabado xilográfico
LEADER 00959nam a22001810004500
035 |a 1931 
041 0 |a lat 
100 1 |a Silberrad, Johann Gustav 
245 1 0 |a Ordinis iuridici decanus Goergius Christianus Gebaverus D. et Georgiae Augustae H. T. prorector solemnia inauguralia viri nobilissimi Io. Gustavi Silberrad, norimbergensis M DCC XXXVIII die XVII septembris Natali Universitatis secundo celebratum iri indicat 
260 |a Gottingae : apud Abram. Vandenhoeck, Acad. typogr., 1738.  
300 |a 14 p. ; 4° 
500 |a Portada tipográfica con viñeta en grabado xilográfico. Texto a renglón seguido con notas a pie de página. Incluye capitular en grabado xilográfico  
501 |a 18 obras 
650 1 0 |a Derecho civil 
949 |a UNICACH, Colección de Víctor Manuel Castillo: 01432-K 
942 |c CHIACASTI 
943 |g Fondo Bibliográfico Antiguo Víctor Manuel Castillo de la Universidad de Ciencias y Artes de Chiapas 
999 |c 1100227  |d 1100227